000 00291nam a2200097Ia 4500
005 20251222144629.0
008 251222s9999||||xx |||||||||||||| ||spa||
082 _a234.9/C76
245 0 _aLa Responsabilidad Pastoral de los Obispos frente a los Laicos Comprometidos en la Sociedad
942 _cLIB
999 _c16226
_d16226